[Event "2BLN 2324 SC Rotation Pankow - SG AE Mag"]
[Site "?"]
[Date "2024.03.16"]
[Round "9.6"]
[White "Guth, Thomas"]
[Black "Woellermann, Jan"]
[Result "1-0"]
[WhiteElo "2244"]
[BlackElo "2348"]
[PlyCount "165"]
[EventDate "2024.??.??"]

1. e4 e5 2. Nf3 Nc6 3. Bc4 Bc5 4. O-O Nf6 5. d3 d6 6. c3 a6 7. a4 Ba7 8. Be3 O-O 9. b4 Ne7 10. Bb3 Ng6 11. Nbd2 Bxe3 12. fxe3 d5 13. Qc2 dxe4 14. Nxe4 Nxe4 15. dxe4 Qe7 16. Qa2 Bd7 17. Rad1 Rad8 18. h4 Be8 19. Rxd8 Qxd8 20. Qf2 Qd3 21. h5 Qxc3 22. Ba2 Nh8 23. Ng5 h6 24. Ne6 Qxb4 25. Nxf8 Kxf8 26. Qf5 Kg8 27. Qxe5 Qxa4 28. Bd5 Qd7 29. Bxb7 Kf8 30. Bxa6 f6 31. Qc5+ Qd6 32. Rc1 Nf7 33. Bb7 Ng5 34. Qxc7 Qxc7 35. Rxc7 Bxh5 36. Rc5 Bg6 37. e5 fxe5 38. Rxe5 Kf7 39. Ra5 Bd3 40. Kf2 Kf6 41. Ke1 h5 42. Kd2 Bf5 43. Kc3 h4 44. Ra4 h3 45. Ra6+ Ke5 46. gxh3 Nxh3 47. Ra5+ Kf6 48. e4 Bd7 49. Kd4 Nf4 50. Bd5 g5 51. Ra6+ Ne6+ 52. Bxe6 Bxe6 53. Ra1 g4 54. Rf1+ Kg5 55. Ke5 Bc4 56. Rc1 Bf7 57. Rg1 Bg6 58. Rg3 Bh7 59. Rg2 Bg6 60. Rg1 Bh7 61. Kd4 Bg6 62. Ke3 Bh5 63. Rg2 Bg6 64. Ra2 Be8 65. Ra5+ Kf6 66. Kf4 Bd7 67. Ra6+ Be6 68. Rb6 Kf7 69. Ke5 Bc8 70. Rb3 Ke7 71. Rc3 Be6 72. Ra3 Bc8 73. Ra1 Be6 74. Rh1 Kf7 75. Kd6 Bc4 76. e5 Kg6 77. e6 Kg5 78. e7 Bb5 79. Rb1 Ba4 80. Rb4 Be8 81. Rb8 Ba4 82. Ke5 g3 83. Rg8+ 1-0

[Event "2BLN 2324 SC Rotation Pankow - SG AE Mag"]
[Site "?"]
[Date "2024.03.16"]
[Round "9.7"]
[White "Schoene, Maria"]
[Black "Boetzer, Detlef"]
[Result "1/2-1/2"]
[WhiteElo "2153"]
[BlackElo "2207"]
[PlyCount "41"]
[EventDate "2024.??.??"]

1. e4 c5 2. Nf3 d6 3. d4 cxd4 4. Nxd4 Nf6 5. Nc3 g6 6. Be3 Nc6 7. f3 h5 8. Qd2 Nxd4 9. Bxd4 Bh6 10. Be3 Bxe3 11. Qxe3 Be6 12. Bb5+ Kf8 13. O-O Qa5 14. f4 Rc8 15. f5 gxf5 16. exf5 Bc4 17. Bxc4 Rxc4 18. Rae1 Qc5 19. Qxc5 Rxc5 20. Rf2 Rc7 21. Rd2 1/2-1/2

[Event "2BLN 2324 SC Rotation Pankow - SG AE Mag"]
[Site "?"]
[Date "2024.03.16"]
[Round "9.8"]
[White "Freyberg, Dominic"]
[Black "Windelband, Jens"]
[Result "0-1"]
[WhiteElo "2099"]
[BlackElo "2040"]
[PlyCount "96"]
[EventDate "2024.??.??"]

1. e4 e6 2. b3 d5 3. Bb2 dxe4 4. Nc3 Nf6 5. Qe2 Bd7 6. Nxe4 Bc6 7. Nxf6+ gxf6 8. Nf3 Bg7 9. Nd4 Bd7 10. Nf5 Bf8 11. Ng3 Bc6 12. Nh5 Nd7 13. Qg4 Qe7 14. O-O-O O-O-O 15. Qd4 Rg8 16. Qxa7 Rg5 17. Be2 e5 18. Ng3 Nb6 19. h4 Rg8 20. Bf3 Bxf3 21. gxf3 Qc5 22. Ne4 Qc6 23. Qa5 f5 24. Nc3 f6 25. f4 Bh6 26. Nb5 Qf3 27. Qc3 Qxc3 28. Bxc3 Bxf4 29. Rhg1 Nd5 30. Rxg8 Rxg8 31. Bb2 Rg2 32. Rf1 Kd7 33. Nc3 Nxc3 34. Bxc3 h5 35. Kd1 b6 36. Ke2 Rh2 37. Rg1 Rxh4 38. Rg7+ Kd6 39. d4 Rh3 40. Bb2 Rh1 41. Rf7 exd4 42. Rxf6+ Ke5 43. Rc6 h4 44. Kf3 Kd5 45. Rf6 Be5 46. Rxf5 h3 47. c3 Ke6 48. Rh5 dxc3 0-1

[Event "2BLN 2324 Hamburger SK II - SF Berlin"]
[Site "?"]
[Date "2024.03.17"]
[Round "10.1"]
[White "Tomczak, Jacek"]
[Black "Peyrer, Konstantin"]
[Result "1/2-1/2"]
[WhiteElo "2592"]
[BlackElo "2434"]
[PlyCount "45"]
[EventDate "2024.??.??"]

1. e4 e5 2. Nf3 Nc6 3. Bc4 Nf6 4. d4 exd4 5. e5 d5 6. Bb5 Nd7 7. O-O Be7 8. c3 d3 9. Re1 O-O 10. Nbd2 f6 11. exf6 Nxf6 12. Bxd3 Bd6 13. Nf1 Bg4 14. Be2 Kh8 15. Ne3 Bc5 16. Nc2 Qd6 17. Be3 Rae8 18. Bxc5 Qxc5 19. Nfd4 Nxd4 20. Qxd4 Qxd4 21. Nxd4 Bxe2 22. Nxe2 Ne4 23. f3 1/2-1/2

[Event "2BLN 2324 Hamburger SK II - SF Berlin"]
[Site "?"]
[Date "2024.03.17"]
[Round "10.2"]
[White "Colpe, Malte"]
[Black "Moranda, Wojciech"]
[Result "1/2-1/2"]
[WhiteElo "2384"]
[BlackElo "2557"]
[PlyCount "48"]
[EventDate "2024.??.??"]

1. d4 Nf6 2. Nf3 d5 3. c4 e6 4. Nc3 dxc4 5. e4 b5 6. e5 Nd5 7. Nxb5 Nb6 8. Be2 Be7 9. O-O Nc6 10. Be3 O-O 11. Qc1 Rb8 12. Rd1 Ba6 13. Nc3 Nb4 14. a3 Nd3 15. Bxd3 cxd3 16. Ne1 d2 17. Rxd2 Nc4 18. Rc2 Rb3 19. Nf3 Qb8 20. Nd1 Qb5 21. Rxc4 Qxc4 22. Qxc4 Bxc4 23. Nd2 Bd5 24. Nxb3 Bxb3 1/2-1/2

[Event "2BLN 2324 Hamburger SK II - SF Berlin"]
[Site "?"]
[Date "2024.03.17"]
[Round "10.3"]
[White "Neiksans, Arturs"]
[Black "Woelk, Tom-Frederic"]
[Result "1-0"]
[WhiteElo "2585"]
[BlackElo "2345"]
[PlyCount "107"]
[EventDate "2024.??.??"]

1. e4 c5 2. Nf3 d6 3. Bb5+ Bd7 4. c4 Nc6 5. O-O e5 6. Nc3 Be7 7. d3 f5 8. a3 Nf6 9. b4 cxb4 10. axb4 Nxb4 11. exf5 O-O 12. Qb3 a5 13. c5+ d5 14. Nxe5 Bxf5 15. Na4 Qc7 16. Bb2 Rad8 17. Rae1 Kh8 18. h3 Be6 19. Nf3 Bg8 20. Be5 Qc8 21. Bd4 Qc7 22. Re3 Nc6 23. Bxc6 bxc6 24. Rfe1 Rfe8 25. Qc3 Bf7 26. Ne5 Kg8 27. Nb6 Nh5 28. Nxf7 Kxf7 29. Qxa5 Bg5 30. Rxe8 Rxe8 31. Rxe8 Kxe8 32. Qa8+ Bd8 33. Nc8 Nf4 34. Nd6+ Kd7 35. Bxg7 Nxd3 36. Bd4 Nf4 37. Qa6 Ne6 38. Qd3 Be7 39. Be5 Qa5 40. Qf5 Qd2 41. f4 Qe3+ 42. Kh2 Qxc5 43. Qf7 Nc7 44. Nf5 Ne8 45. Bd6 Qxd6 46. Nxd6 Nxd6 47. Qxh7 c5 48. g4 c4 49. g5 Ne4 50. g6 c3 51. g7 c2 52. Qf5+ Kd6 53. g8=Q c1=Q 54. Qge6+ 1-0

[Event "2BLN 2324 Hamburger SK II - SF Berlin"]
[Site "?"]
[Date "2024.03.17"]
[Round "10.4"]
[White "Van Delft, Merijn"]
[Black "Blohberger, Felix"]
[Result "0-1"]
[WhiteElo "2376"]
[BlackElo "2531"]
[PlyCount "76"]
[EventDate "2024.??.??"]

1. e4 c5 2. Nf3 d6 3. d4 cxd4 4. Nxd4 Nf6 5. Nc3 a6 6. Bg5 e6 7. f4 Qb6 8. Nb3 Nbd7 9. Qe2 Qc7 10. O-O-O Be7 11. Qe1 b5 12. a3 Bb7 13. Bd3 h6 14. Bh4 e5 15. fxe5 dxe5 16. Rf1 O-O 17. Kb1 Rac8 18. Na2 Rfe8 19. h3 Nh5 20. Bxe7 Rxe7 21. g3 Nc5 22. Nxc5 Qxc5 23. Rf5 g6 24. Rxh5 gxh5 25. Qe2 Rc6 26. Qxh5 Qe3 27. Nb4 Rg6 28. Rf1 Qxg3 29. Qf5 Qg5 30. Qf3 Qg2 31. Qf5 Kg7 32. h4 Qg4 33. Qf2 Bxe4 34. Bxe4 Qxe4 35. h5 Rd6 36. Rg1+ Kf8 37. Qc5 Qd4 38. Qc8+ Re8 0-1

[Event "2BLN 2324 Hamburger SK II - SF Berlin"]
[Site "?"]
[Date "2024.03.17"]
[Round "10.5"]
[White "Kaasen, Tor Fredrik"]
[Black "Garner, Isaac"]
[Result "1-0"]
[WhiteElo "2449"]
[BlackElo "2294"]
[PlyCount "79"]
[EventDate "2024.??.??"]

1. c4 Nf6 2. g3 g6 3. Bg2 Bg7 4. Nf3 O-O 5. d4 d6 6. Nc3 Nc6 7. d5 Na5 8. b3 c5 9. Bb2 a6 10. O-O b5 11. Nd2 Rb8 12. Qc1 e6 13. dxe6 Bxe6 14. cxb5 axb5 15. Rd1 b4 16. Nce4 Ne8 17. Nf1 Bxb2 18. Qxb2 c4 19. bxc4 Nxc4 20. Qd4 Qb6 21. Ng5 Qxd4 22. Rxd4 Na3 23. Ne3 Rb6 24. Bd5 Nc7 25. Nxe6 fxe6 26. Bb3 d5 27. Ng4 Na6 28. Ne5 Nb5 29. Rg4 Rf5 30. Nd3 Nc3 31. Kf1 Rf8 32. Rc1 Rc8 33. e4 Nc5 34. Nxc5 Rxc5 35. exd5 exd5 36. Re1 Rc7 37. Re8+ Kg7 38. Rd8 Ra7 39. Rf4 Rbb7 40. h4 1-0

[Event "2BLN 2324 Hamburger SK II - SF Berlin"]
[Site "?"]
[Date "2024.03.17"]
[Round "10.6"]
[White "Hommer, Jeremy"]
[Black "Sorensen, Hampus"]
[Result "0-1"]
[WhiteElo "2295"]
[BlackElo "2428"]
[PlyCount "100"]
[EventDate "2024.??.??"]

1. e4 c5 2. Nf3 d6 3. Bb5+ Bd7 4. Bxd7+ Nxd7 5. O-O Ngf6 6. Qe2 e6 7. c3 Be7 8. d4 O-O 9. Rd1 Rc8 10. a4 h6 11. Na3 cxd4 12. cxd4 a6 13. Ne1 Qa5 14. Nac2 Qh5 15. f3 d5 16. e5 Nh7 17. Nd3 f6 18. exf6 Rxf6 19. Ne3 Rff8 20. Ng4 Rc6 21. Bf4 Rfc8 22. Rac1 Nhf8 23. Rxc6 Rxc6 24. Rc1 Rxc1+ 25. Bxc1 Qe8 26. Qc2 Qd8 27. Be3 Qa5 28. Kf2 Qb6 29. Nge5 Nxe5 30. dxe5 Qd8 31. Bc5 Bxc5+ 32. Qxc5 Qh4+ 33. Kf1 Qxa4 34. Ke2 Qh4 35. h3 Qg5 36. g4 Qd8 37. f4 Qd7 38. Ke3 Qa4 39. b4 Qd1 40. Qb6 Qg1+ 41. Nf2 Qg3+ 42. Ke2 Qxf4 43. Qxb7 Qxe5+ 44. Kf1 Qa1+ 45. Kg2 Qa2 46. b5 axb5 47. Qxb5 e5 48. Kg3 e4 49. Qe8 Qa3+ 50. Kh4 Qf3 0-1

[Event "2BLN 2324 Hamburger SK II - SF Berlin"]
[Site "?"]
[Date "2024.03.17"]
[Round "10.7"]
[White "Schmidek, Emil"]
[Black "Bracker, Frank"]
[Result "1/2-1/2"]
[WhiteElo "2439"]
[BlackElo "2295"]
[PlyCount "83"]
[EventDate "2024.??.??"]

1. d4 d5 2. c4 e6 3. Nc3 Nf6 4. cxd5 exd5 5. Bg5 Be7 6. e3 O-O 7. Bd3 Re8 8. Nf3 h6 9. Bf4 c5 10. dxc5 Bxc5 11. O-O Nc6 12. h3 a6 13. Rc1 Ba7 14. Ne2 Ne4 15. Bb1 Qf6 16. Qxd5 Qxb2 17. Bxe4 Qxe2 18. Bd3 Qb2 19. Qh5 Bb8 20. Rb1 Qf6 21. Bxb8 Rxb8 22. Rb6 Be6 23. Qc5 Bxh3 24. Rfb1 Be6 25. a3 Rbd8 26. Rxb7 Rxd3 27. Qxc6 Red8 28. Rb8 a5 29. Qa6 Rxb8 30. Rxb8+ Rd8 31. Rxd8+ Qxd8 32. Nd4 Qd5 33. Nxe6 fxe6 34. Qc8+ Kf7 35. Qc7+ Kf6 36. Qf4+ Qf5 37. Qd4+ Qe5 38. Qd3 Qf5 39. Qd4+ Qe5 40. Qd3 Qf5 41. e4 Qc5 42. Kf1 1/2-1/2

[Event "2BLN 2324 Hamburger SK II - SF Berlin"]
[Site "?"]
[Date "2024.03.17"]
[Round "10.8"]
[White "Bracker, Arne"]
[Black "Baum, Jonasz"]
[Result "0-1"]
[WhiteElo "2308"]
[BlackElo "2400"]
[PlyCount "48"]
[EventDate "2024.??.??"]

1. e4 e5 2. Nf3 Nc6 3. Bb5 a6 4. Ba4 Nf6 5. O-O d6 6. Re1 Bd7 7. c3 g6 8. d4 Bg7 9. h3 O-O 10. Bc2 Nh5 11. Be3 Qe8 12. Nbd2 Kh8 13. a4 f5 14. exf5 gxf5 15. dxe5 dxe5 16. Bc5 Rf6 17. b4 Nf4 18. Nc4 e4 19. b5 Qh5 20. bxc6 Rg6 21. Ne3 Nxg2 22. Nxg2 exf3 23. cxd7 Rxg2+ 24. Kf1 Rg1+ 0-1

[Event "2BLN 2324 FC St. Pauli - SV Glückauf RÃ"]
[Site "?"]
[Date "2024.03.17"]
[Round "10.1"]
[White "Kanarek, Marcel"]
[Black "Socko, Bartosz"]
[Result "0-1"]
[WhiteElo "2491"]
[BlackElo "2555"]
[PlyCount "110"]
[EventDate "2024.??.??"]

1. d4 Nf6 2. c4 e6 3. Nc3 Bb4 4. e3 O-O 5. Bd2 d5 6. Nf3 Nbd7 7. Rc1 b6 8. cxd5 exd5 9. Bd3 Bb7 10. O-O a6 11. Ne5 Bd6 12. f4 c5 13. Qf3 Re8 14. Be1 Nf8 15. Bh4 cxd4 16. exd4 Be7 17. Bxf6 Bxf6 18. Bc2 Qd6 19. Rcd1 Rad8 20. Rd2 b5 21. g4 g6 22. g5 Bg7 23. h4 Bc8 24. h5 b4 25. Na4 Ne6 26. Rff2 Rf8 27. Rh2 f6 28. gxf6 Rxf6 29. hxg6 hxg6 30. Qh3 Nxf4 31. Qh7+ Kf8 32. Rdf2 Re8 33. Rxf4 Rxf4 34. Nxg6+ Qxg6+ 35. Bxg6 Bxd4+ 36. Kg2 Rg4+ 37. Kf3 Re3+ 38. Kf2 Rf4+ 39. Kg2 Re2+ 40. Kg3 Rg4+ 41. Kf3 Re3+ 42. Kf2 Rxg6 43. Qh8+ Bxh8 44. Rxh8+ Kg7 45. Rxc8 Re7 46. Rb8 Rf6+ 47. Kg3 a5 48. Rd8 Kh7 49. Rxd5 Rg7+ 50. Kh4 Rf1 51. Rd3 Rh1+ 52. Rh3 Rhg1 53. Rd3 R7g6 54. Rd7+ Kh6 55. Rd3 R1g5 0-1

[Event "2BLN 2324 FC St. Pauli - SV Glückauf RÃ"]
[Site "?"]
[Date "2024.03.17"]
[Round "10.2"]
[White "Janik, Igor"]
[Black "Pacan-Milej, Kosma"]
[Result "1-0"]
[WhiteElo "2497"]
[BlackElo "2435"]
[PlyCount "101"]
[EventDate "2024.??.??"]

1. e4 c6 2. Nf3 d5 3. d3 dxe4 4. dxe4 Qxd1+ 5. Kxd1 Nd7 6. Nbd2 g6 7. c3 Bg7 8. Nd4 Nc5 9. f3 f5 10. N4b3 Nxb3 11. axb3 Nf6 12. Bd3 fxe4 13. Nxe4 Bf5 14. Re1 O-O-O 15. Kc2 a6 16. Nc5 Bxd3+ 17. Nxd3 Rhe8 18. Ra4 Nd5 19. Rae4 Bf6 20. Bd2 Nc7 21. Be3 Rd7 22. Ne5 Bxe5 23. Rxe5 e6 24. c4 Rf7 25. Bb6 Rf6 26. R5e4 Re7 27. Bc5 Re8 28. Bd6 g5 29. h4 gxh4 30. Rxh4 Rf7 31. Rh6 Rg8 32. Re2 Rfg7 33. Kc3 Ne8 34. Be5 Re7 35. Bd4 Nc7 36. g4 Rf7 37. Re3 Rg6 38. Rh3 Ne8 39. Kb4 Rd7 40. Bc3 b6 41. Be5 c5+ 42. Kc3 a5 43. Rh4 Rf7 44. Kd3 Nc7 45. f4 Na6 46. Reh3 Nb4+ 47. Ke4 Nc6 48. g5 Rf5 49. Bf6 Rfxf6 50. gxf6 Rxf6 51. Rxh7 1-0

[Event "2BLN 2324 FC St. Pauli - SV Glückauf RÃ"]
[Site "?"]
[Date "2024.03.17"]
[Round "10.3"]
[White "Steczek, Marcin"]
[Black "Feuerstack, Aljoscha"]
[Result "1/2-1/2"]
[WhiteElo "2335"]
[BlackElo "2471"]
[PlyCount "83"]
[EventDate "2024.??.??"]

1. c4 Nf6 2. Nf3 c5 3. Nc3 e6 4. e3 d5 5. d4 Nc6 6. a3 dxc4 7. Bxc4 a6 8. dxc5 Qxd1+ 9. Kxd1 Bxc5 10. Ke2 b5 11. Bd3 Bb7 12. b4 Bd6 13. Bb2 Ne5 14. Nxe5 Bxe5 15. f3 Rc8 16. Rhc1 Nd5 17. Na4 Bxb2 18. Rxc8+ Bxc8 19. Nxb2 Ke7 20. Rc1 Bd7 21. Nd1 f5 22. g3 Ra8 23. e4 Nb6 24. exf5 exf5 25. Ne3 g6 26. Rc5 Kd6 27. h4 Bc6 28. g4 Nd7 29. Rc3 Rc8 30. gxf5 Bxf3+ 31. Kd2 Rxc3 32. Kxc3 Ne5 33. fxg6 hxg6 34. Bc2 Bc6 35. Bd1 Bf3 36. Bc2 Bc6 37. Bd1 Bf3 38. Bc2 Bb7 39. a4 Nf3 40. axb5 Nxh4 41. Nc4+ Kc7 42. bxa6 1/2-1/2

[Event "2BLN 2324 FC St. Pauli - SV Glückauf RÃ"]
[Site "?"]
[Date "2024.03.17"]
[Round "10.4"]
[White "Krause, Benedict"]
[Black "Maciejczak, Jakub"]
[Result "1-0"]
[WhiteElo "2406"]
[BlackElo "2339"]
[PlyCount "145"]
[EventDate "2024.??.??"]

1. e4 c6 2. d4 d5 3. exd5 cxd5 4. Bd3 Nc6 5. c3 Nf6 6. h3 e5 7. dxe5 Nxe5 8. Qe2 Qe7 9. Be3 a6 10. Nd2 Qe6 11. Ngf3 Nxd3+ 12. Qxd3 Bc5 13. O-O Bxe3 14. Rfe1 O-O 15. Rxe3 Qb6 16. Nb3 Bd7 17. Qd4 Qc7 18. Rae1 Rac8 19. Ne5 Be6 20. Qf4 Rfe8 21. Nd4 Ne4 22. f3 Nd6 23. Nd3 Qd7 24. Qg3 Nf5 25. Nxf5 Bxf5 26. Nc5 Rxe3 27. Nxd7 Rxe1+ 28. Qxe1 Bxd7 29. g4 h6 30. Kf2 Re8 31. Qd2 Bc6 32. h4 Re6 33. Qd4 g6 34. f4 Re4 35. Qf6 Re6 36. Qd8+ Re8 37. Qc7 Re4 38. h5 gxh5 39. gxh5 Kg7 40. Qd6 Re6 41. Qd8 Re8 42. Qh4 Re4 43. b3 Bd7 44. Qg3+ Kf6 45. Kf3 Bc6 46. Qg8 d4 47. Qh8+ Ke7 48. cxd4 Rxd4+ 49. Kg3 Rd3+ 50. Kg4 Bf3+ 51. Kh4 Rd5 52. Kg3 Bxh5 53. Qxh6 Bg6 54. Qh8 Kd7 55. b4 Kc7 56. a4 Bf5 57. Qf8 Be6 58. Kf3 Rf5 59. Ke4 Rd5 60. Qh8 Rf5 61. Qd4 Rh5 62. Qc3+ Kd7 63. Qd2+ Kc7 64. Qc1+ Kb8 65. Qd1 Rf5 66. Qd8+ Ka7 67. b5 axb5 68. Qa5+ Kb8 69. axb5 Kc8 70. Qc3+ Kd7 71. b6 Rd5 72. Qc7+ Ke8 73. Qxb7 1-0

[Event "2BLN 2324 FC St. Pauli - SV Glückauf RÃ"]
[Site "?"]
[Date "2024.03.17"]
[Round "10.5"]
[White "Dudzinski, Piotr"]
[Black "Socko, Monika"]
[Result "1/2-1/2"]
[WhiteElo "2341"]
[BlackElo "2423"]
[PlyCount "33"]
[EventDate "2024.??.??"]

1. e4 e6 2. d4 d5 3. exd5 exd5 4. Nf3 Bd6 5. Bd3 Nc6 6. c3 Nge7 7. O-O Bg4 8. Nbd2 Qd7 9. b4 O-O 10. Qc2 Bf5 11. Re1 Bxd3 12. Qxd3 Qf5 13. Qxf5 Nxf5 14. Nf1 Rfe8 15. Bd2 h5 16. h3 Kf8 17. Rxe8+ 1/2-1/2

[Event "2BLN 2324 FC St. Pauli - SV Glückauf RÃ"]
[Site "?"]
[Date "2024.03.17"]
[Round "10.6"]
[White "Ertan, Can"]
[Black "Szadkowski, Kamil"]
[Result "1-0"]
[WhiteElo "2363"]
[BlackElo "2259"]
[PlyCount "93"]
[EventDate "2024.??.??"]

1. e4 c5 2. Nf3 d6 3. d4 cxd4 4. Nxd4 Nf6 5. Nc3 a6 6. h3 e5 7. Nde2 b5 8. Ng3 h6 9. a4 b4 10. Nd5 Nxd5 11. Qxd5 Ra7 12. Bc4 Rc7 13. Qd3 Be6 14. Bxe6 fxe6 15. Be3 Qc8 16. O-O Be7 17. Bd2 Rc4 18. Qf3 Bf6 19. Qh5+ Ke7 20. b3 Rxc2 21. Bxb4 Nc6 22. Ba3 Nd4 23. Rac1 Qc3 24. Rfd1 Bg5 25. Qg6 Rf8 26. Bxd6+ Kxd6 27. Rxc2 Qxc2 28. Rxd4+ Ke7 29. Qxg7+ Rf7 30. Rd7+ Kxd7 31. Qxf7+ Kd6 32. Qb7 a5 33. Qb8+ Ke7 34. Qxe5 Qxb3 35. Qc7+ Kf8 36. Qxa5 Qb1+ 37. Kh2 Bf4 38. Qd8+ Kf7 39. Qd7+ Kf6 40. Qd4+ e5 41. Qd8+ Kf7 42. Qc7+ Kf6 43. Qc6+ Kf7 44. a5 Qe1 45. Qb7+ Kf8 46. Qb6 h5 47. h4 1-0

[Event "2BLN 2324 FC St. Pauli - SV Glückauf RÃ"]
[Site "?"]
[Date "2024.03.17"]
[Round "10.7"]
[White "Sroczynski, Maciej"]
[Black "Sawatzki, Frank"]
[Result "1/2-1/2"]
[WhiteElo "2262"]
[BlackElo "2354"]
[PlyCount "73"]
[EventDate "2024.??.??"]

1. d4 d5 2. c4 c6 3. Nf3 Nf6 4. cxd5 cxd5 5. Nc3 Nc6 6. Bf4 a6 7. e3 e6 8. Bd3 Bd6 9. Bxd6 Qxd6 10. O-O O-O 11. Rc1 Bd7 12. h3 Rfc8 13. Bb1 Qb4 14. Qd2 Na5 15. b3 Qa3 16. Ne5 Be8 17. Bd3 Nc6 18. Nb1 Qe7 19. Nxc6 Rxc6 20. Rxc6 Bxc6 21. Rc1 Ne8 22. Qa5 Nd6 23. Qb4 Qd7 24. a4 Qd8 25. Nd2 g6 26. Nf3 f6 27. Ne1 a5 28. Qc5 Rc8 29. Qa3 Kf7 30. Rc3 Qe7 31. Nc2 Bd7 32. Rxc8 Nxc8 33. Qb2 Qd8 34. Qc3 Nd6 35. Qc5 Ke7 36. Kf1 b6 37. Qc3 1/2-1/2

[Event "2BLN 2324 FC St. Pauli - SV Glückauf RÃ"]
[Site "?"]
[Date "2024.03.17"]
[Round "10.8"]
[White "Mueller, Fabian"]
[Black "Mickiewicz, Piotr"]
[Result "0-1"]
[WhiteElo "2260"]
[BlackElo "2242"]
[PlyCount "80"]
[EventDate "2024.??.??"]

1. d4 Nf6 2. c4 e6 3. Nf3 d5 4. Nc3 dxc4 5. e3 a6 6. a4 b6 7. Bxc4 Bb7 8. O-O Bb4 9. Qe2 O-O 10. Rd1 Qe7 11. Bd3 c5 12. Na2 Nc6 13. e4 Nxd4 14. Nxd4 cxd4 15. Bg5 e5 16. Bxf6 gxf6 17. Nxb4 Qxb4 18. Qg4+ Kh8 19. Qh4 Qd6 20. f4 f5 21. fxe5 Qxe5 22. Qh5 Rg8 23. g3 Rxg3+ 24. hxg3 Qxg3+ 25. Kf1 Rg8 26. Qh1 Qf4+ 27. Ke1 Qe3+ 28. Kf1 Rg3 29. Be2 Bxe4 30. Qh2 Bg2+ 31. Ke1 Bf3 32. Ra3 Rg1+ 33. Qxg1 Qxg1+ 34. Kd2 Qg5+ 35. Ke1 Be4 36. Bxa6 Qh4+ 37. Kd2 Qf2+ 38. Be2 d3 39. Rxd3 Bxd3 40. Kxd3 f4 0-1

[Event "2BLN 2324 Lübecker SV - SK Doppelbauer "]
[Site "?"]
[Date "2024.03.17"]
[Round "10.1"]
[White "Olsen, Filip Boe"]
[Black "Kalinitschew, Sergey"]
[Result "1/2-1/2"]
[WhiteElo "2456"]
[BlackElo "2378"]
[PlyCount "129"]
[EventDate "2024.??.??"]

1. d4 Nf6 2. c4 e6 3. Nc3 d5 4. cxd5 exd5 5. Bg5 Nbd7 6. e3 c6 7. Bd3 Bd6 8. Qc2 h6 9. Bh4 a5 10. Nf3 Qc7 11. O-O O-O 12. Rac1 Qb8 13. e4 dxe4 14. Nxe4 Nxe4 15. Bxe4 Nb6 16. Rfe1 Be6 17. Ne5 Nd5 18. Qe2 Qa7 19. Rcd1 Rae8 20. Bb1 Qb8 21. a3 f5 22. Qc2 Bc8 23. Bg3 Re6 24. Re2 Bxe5 25. Bxe5 Qa7 26. Rd3 Qa6 27. Rg3 Rf7 28. Ba2 Bd7 29. h4 Qa8 30. h5 Qe8 31. Bb1 Ree7 32. Qd2 f4 33. Rg6 Bf5 34. Bxf5 Rxf5 35. Qd3 Rxh5 36. Rxg7+ Rxg7 37. Bxg7 Qf7 38. Be5 Qf5 39. Qxf5 Rxf5 40. Rc2 Rf8 41. Rc5 Ra8 42. Kf1 f3 43. gxf3 Kf7 44. Kg2 Ke6 45. Kg3 Kf5 46. Kh4 Kg6 47. Kg4 h5+ 48. Kh4 Ra6 49. a4 Rb6 50. Rxa5 Rxb2 51. Ra7 Ne7 52. a5 Nf5+ 53. Kh3 Rxf2 54. Rxb7 Rxf3+ 55. Kg2 Ra3 56. Rb6 Rxa5 57. Rxc6+ Kg5 58. Rc8 Ra2+ 59. Kh3 Ra3+ 60. Kg2 Ne3+ 61. Kf2 Ng4+ 62. Kg2 h4 63. Rg8+ Kf5 64. Rf8+ Ke6 65. Rh8 1/2-1/2

[Event "2BLN 2324 Lübecker SV - SK Doppelbauer "]
[Site "?"]
[Date "2024.03.17"]
[Round "10.2"]
[White "Waldhausen Gordon, Frederick"]
[Black "Parvanyan, Ashot"]
[Result "0-1"]
[WhiteElo "2376"]
[BlackElo "2415"]
[PlyCount "64"]
[EventDate "2024.??.??"]

1. e4 Nc6 2. Nf3 d6 3. d4 g6 4. d5 Nb8 5. c4 Bg7 6. Be2 Nf6 7. Nc3 O-O 8. O-O e6 9. h3 Re8 10. Qc2 Na6 11. Be3 exd5 12. cxd5 Nc5 13. Nd2 Qe7 14. Bb5 Bd7 15. Bxd7 Ncxd7 16. Rfd1 a6 17. Rac1 Ne5 18. f3 Rac8 19. Nf1 Nh5 20. Qb3 b5 21. a4 Rb8 22. axb5 axb5 23. Ne2 Nc4 24. g4 Nxe3 25. Qxe3 Nf6 26. Qd2 Rb7 27. Qa5 Nd7 28. Rxc7 Qd8 29. Rxb7 Qxa5 30. Rxd7 b4 31. Rd2 Qb5 32. Rc7 Qb6+ 0-1

[Event "2BLN 2324 Lübecker SV - SK Doppelbauer "]
[Site "?"]
[Date "2024.03.17"]
[Round "10.3"]
[White "Arndt, Magnus"]
[Black "Krause, Ullrich"]
[Result "1-0"]
[WhiteElo "2384"]
[BlackElo "2194"]
[PlyCount "137"]
[EventDate "2024.??.??"]

1. d4 e6 2. c4 Bb4+ 3. Nc3 f5 4. g4 Nf6 5. gxf5 exf5 6. Nf3 O-O 7. Bd2 c5 8. a3 Bxc3 9. Bxc3 Ne4 10. Qd3 d6 11. Bg2 Nd7 12. Nd2 Nxc3 13. Qxc3 Qe7 14. e3 Nf6 15. O-O-O Ne4 16. Nxe4 fxe4 17. Rd2 Bg4 18. Rg1 Rae8 19. dxc5 dxc5 20. Bxe4 Qxe4 21. h3 h5 22. hxg4 hxg4 23. Qc2 Rf3 24. Qxe4 Rxe4 25. Kd1 Rxc4 26. Ke2 Rf7 27. Kd3 Rd7+ 28. Ke2 Rf7 29. b3 Rc3 30. Rb2 c4 31. Rxg4 Rxb3 32. Rxb3 cxb3 33. Rb4 Rc7 34. Rxb3 b6 35. f4 Kf7 36. Kf3 Rc4 37. Rd3 Ke6 38. e4 Ra4 39. Re3 Rd4 40. Kg4 Rd1 41. Rg3 Rd4 42. e5 b5 43. Kg5 a5 44. Rc3 Rc4 45. Rd3 Rc1 46. Rd6+ Ke7 47. Rb6 Rg1+ 48. Kf5 g6+ 49. Ke4 Rg3 50. Kd5 Rd3+ 51. Ke4 Rg3 52. Rxb5 Rxa3 53. Rb6 Kf7 54. Rf6+ Kg7 55. Kd5 Rb3 56. Ra6 Rb4 57. Ra7+ Kf8 58. Ke6 Rxf4 59. Ra8+ Kg7 60. Rxa5 g5 61. Kd7 Rf7+ 62. Kd6 Rb7 63. Ra1 Kf7 64. e6+ Kf6 65. Rf1+ Kg6 66. e7 Rb6+ 67. Kc7 Re6 68. Kd7 Re2 69. e8=Q+ 1-0

[Event "2BLN 2324 Lübecker SV - SK Doppelbauer "]
[Site "?"]
[Date "2024.03.17"]
[Round "10.4"]
[White "Lampe, Dirk"]
[Black "Kopylov, Daniel"]
[Result "1-0"]
[WhiteElo "2143"]
[BlackElo "2346"]
[PlyCount "83"]
[EventDate "2024.??.??"]

1. e4 c5 2. Nf3 Nc6 3. d4 cxd4 4. Nxd4 e5 5. Nb5 d6 6. c4 Be7 7. Bd3 a6 8. N5c3 Bg5 9. Bxg5 Qxg5 10. Nd5 Qxg2 11. Rf1 Kf8 12. Nd2 Nge7 13. Qa4 Qh3 14. Qa3 Be6 15. O-O-O a5 16. Kb1 Bxd5 17. cxd5 Nb4 18. Nc4 Nc8 19. Be2 Qxa3 20. Nxa3 Nb6 21. Rc1 Na4 22. Nb5 Nc5 23. Nxd6 b6 24. a3 Nb3 25. axb4 Nd2+ 26. Kc2 Nxf1 27. Bxf1 Ke7 28. Nf5+ Kf6 29. Kb3 Rhc8 30. Rc6+ Kg5 31. b5 g6 32. Nd6 Rf8 33. Nc4 f5 34. Nxb6 Rad8 35. d6 fxe4 36. d7 e3 37. Rc8 exf2 38. Rxd8 Rxd8 39. Kc4 Kf6 40. Kd5 Ke7 41. Kc6 e4 42. Kc7 1-0

[Event "2BLN 2324 Lübecker SV - SK Doppelbauer "]
[Site "?"]
[Date "2024.03.17"]
[Round "10.5"]
[White "Farokhi, Keyvan"]
[Black "Bosselmann, Tom Linus"]
[Result "1/2-1/2"]
[WhiteElo "2289"]
[BlackElo "2116"]
[PlyCount "73"]
[EventDate "2024.??.??"]

1. e4 e5 2. Nf3 Nf6 3. Nc3 Nc6 4. d4 exd4 5. Nxd4 Bb4 6. Nxc6 bxc6 7. Bd3 O-O 8. O-O d5 9. exd5 Bg4 10. f3 Bh5 11. dxc6 Qd4+ 12. Kh1 Bxc3 13. bxc3 Qxc3 14. Bf4 Qxc6 15. Qe1 Bg6 16. Qa5 Rfd8 17. Rfd1 Bxd3 18. cxd3 Nd5 19. Bd2 Qb6 20. Rac1 Qxa5 21. Bxa5 Rd7 22. Kg1 Re8 23. Re1 Rxe1+ 24. Rxe1 f6 25. Kf1 Nf4 26. Re8+ Kf7 27. Rc8 Ne6 28. Ra8 c5 29. Bd2 f5 30. Ke1 Rb7 31. Bc3 Nf4 32. d4 Re7+ 33. Kd2 cxd4 34. Bxd4 Re2+ 35. Kd1 Rxa2 36. g3 Ne6 37. Rxa7+ 1/2-1/2

[Event "2BLN 2324 Lübecker SV - SK Doppelbauer "]
[Site "?"]
[Date "2024.03.17"]
[Round "10.6"]
[White "Sommer, Justus"]
[Black "Ermitsch, Magnus"]
[Result "0-1"]
[WhiteElo "2178"]
[BlackElo "2375"]
[PlyCount "112"]
[EventDate "2024.??.??"]

1. e4 c5 2. Nf3 d6 3. Bb5+ Nd7 4. d4 cxd4 5. Qxd4 a6 6. Bxd7+ Bxd7 7. Nc3 e5 8. Qd3 Rc8 9. Nd2 Qc7 10. Nf1 b5 11. Ne3 Nf6 12. a4 b4 13. Ncd5 Nxd5 14. Qxd5 Be6 15. Qd3 Bc4 16. Nxc4 Qxc4 17. O-O Be7 18. Be3 O-O 19. Rac1 Qc6 20. b3 Qb7 21. c4 bxc3 22. Rxc3 Rxc3 23. Qxc3 Qxe4 24. Qc7 Re8 25. Rc1 Bf8 26. Qc6 Qxc6 27. Rxc6 Rb8 28. Bb6 d5 29. Kf1 f6 30. Ke2 a5 31. Kd3 Rb7 32. Kc2 Bb4 33. Bc5 Kf7 34. Bxb4 axb4 35. a5 Rb5 36. a6 Ra5 37. Rc7+ Kg6 38. a7 h5 39. Rd7 Kh6 40. Kd3 g5 41. Ke3 g4 42. g3 Kg5 43. Rxd5 Rxa7 44. Rb5 h4 45. gxh4+ Kxh4 46. Rxb4 Kh3 47. Rb6 f5 48. f3 Kxh2 49. Rh6+ Kg2 50. fxg4 fxg4 51. Rg6 g3 52. Ke2 Ra2+ 53. Ke1 Kf3 54. Rf6+ Ke3 55. Kf1 Rf2+ 56. Rxf2 gxf2 0-1